000 01840cam a22004934i 4500
003 PE-LiUPU
005 20250731165506.0
008 150623s r 000 0 d
035 _a(Sirsi) a23372
040 _aPE-LiUPU
_bspa
_cPE-LiUPU
_erda
082 0 4 _a070.920 985
_bE24
_221
100 1 _aOrnellas, Manuel d',
_d1937-1999,
_eautor.
245 1 0 _aManuel d'Ornellas :
_buna antología de sus artículos /
_c[compilado por Rosario Abraham ; colaboración, Felipe Ortiz de Zevallos M., Alonso Cueto .. et al.].
264 1 _aLima :
_bEditorial Apoyo,
_c2000.
300 _a518 páginas :
_bilustraciones fotos ;
_c22 cm.
336 _atext
_2rdacontent
337 _aunmediated
_2rdamedia
338 _avolume
_2rdacarrier
505 0 _aEntrevista. -Los años 60. -Los años 70. -Entre 1980 y 1984. -Entre 1985 y 1989. -Entre 1990 y 1994. -Entre 1995 y 1999.
526 _aSEG44
526 _aSEG26
526 _aP151
526 _aP150
526 _aP149
526 _aP146
526 _aP145
526 _aP126
526 _aP125
526 _aP92
526 _aP75
526 _aP74
526 _aP27
526 _aP15
650 0 4 _aEnsayos periodísticos
_zPerú
_y1966-1999.
650 0 4 _aPeriodistas
_zPerú
_vBiografía.
700 1 _aAbraham de d'Ornellas, Rosario,
_ecomp.
700 1 _aOrtiz de Zevallos M., Felipe1947-,
_ecolab.
700 1 _aCueto, Alonso1954-,
_ecoalb.
942 _2ddc
_cBOOK
949 _a070.920 985 E24
_wDEWEY
_c1
_i47515
_lCCODEBUL1
_mBUL
_p00.00
_r0
_sY
_tBOOK
_u2015-06-24
_xBIBLIOTECA
_zUNKNOWN
_0COMPRA
_o.STAFF. Colección General
596 _a1
999 _a070.920 985 E24
_wDEWEY
_c24042
_i47515
_d24042
_f2021-11-8
_g5
_lCCODEBUL1
_mBUL
_q1
_r0
_sY
_tBOOK
_u2015-6-24
_xEDUCACION
_zUNKNOWN
_0COMPRA
_o.STAFF. Colección General
980 _81
_gALBERTO SANCHEZ Responsable de Automatización